Minecraft 1.16 Achievements - Statistics

General Stats
  • This quiz has been taken 452 times
  • The average score is 43 of 74
Answer Stats
Category Type Achievement % Correct
Minecraft Advancement The End?
88%
Minecraft Advancement Diamonds!
85%
Nether Hidden Challenge How Did We Get Here?
81%
Minecraft Advancement Stone Age
81%
Minecraft Advancement Getting an Upgrade
80%
Minecraft Advancement Isn't It Iron Pick
76%
Nether Advancement A Terrible Fortress
72%
Adventure Advancement Monster Hunter
72%
Nether Challenge Return to Sender
71%
The End Advancement Free the End
70%
Minecraft Advancement Ice Bucket Challenge
70%
Minecraft Advancement We Need to Go Deeper
69%
Minecraft Advancement Hot Stuff
68%
Nether Challenge Cover Me in Debris
67%
Minecraft Advancement Eye Spy
67%
Nether Advancement Into Fire
67%
Nether Challenge A Furious Cocktail
65%
Nether Advancement Oh Shiny
65%
Minecraft Advancement Suit Up
65%
The End Goal The End... Again...
65%
Husbandry Challenge A Balanced Diet
64%
Adventure Challenge Hero of the Village
63%
Nether Advancement Those Were the Days
63%
Minecraft Advancement Enchanter
62%
Adventure Challenge Monsters Hunted
62%
The End Advancement The City at the End of the Game
62%
Adventure Challenge Adventuring Time
61%
Minecraft Advancement Not Today, Thank You
61%
Adventure Advancement What a Deal!
61%
Husbandry Advancement A Seedy Place
60%
Nether Goal Beaconator
60%
The End Challenge Great View From Up Here
60%
Husbandry Challenge Two by Two
59%
Nether Advancement War Pigs
59%
Minecraft Advancement Acquire Hardware
58%
Nether Challenge Hot Tourist Destinations
58%
Adventure Advancement Take Aim
58%
Nether Advancement Withering Heights
58%
Nether Advancement Spooky Scary Skeleton
57%
Minecraft Advancement Cover Me with Diamonds
56%
Husbandry Challenge Serious Dedication
56%
Husbandry Advancement The Parrots and the Bats
56%
Minecraft Goal Zombie Doctor
56%
Adventure Challenge Sniper Duel
55%
Nether Challenge Uneasy Alliance
55%
Nether Advancement Local Brewery
54%
Adventure Advancement Ol' Betsy
54%
The End Goal Sky's the Limit
54%
Adventure Advancement Who's the Pillager Now?
54%
Nether Challenge Subspace Bubble
53%
Husbandry Challenge A Complete Catalogue
52%
Husbandry Advancement Best Friends Forever
52%
Adventure Challenge Two Birds, One Arrow
52%
Nether Advancement Hidden in the Depths
51%
Nether Advancement This Boat Has Legs
51%
Adventure Advancement Sweet Dreams
50%
The End Goal The Next Generation
50%
The End Goal You Need a Mint
50%
Adventure Advancement A Throwaway Joke
49%
Nether Advancement Bring Home the Beacon
49%
Adventure Challenge Bullseye
48%
The End Advancement Remote Getaway
48%
Adventure Advancement Very Very Frightening
47%
Adventure Advancement Sticky Situation
46%
Nether Advancement Who is Cutting Onions?
46%
Adventure Goal Postmortal
45%
Husbandry Advancement Total Beelocation
45%
Adventure Goal Hired Help
44%
Husbandry Advancement Tactical Fishing
44%
Adventure Advancement Voluntary Exile
44%
Husbandry Advancement Fishy Business
43%
Nether Advancement Country Lode, Take Me Home
41%
Nether Advancement Not Quite "Nine" Lives
41%
Husbandry Advancement Bee Our Guest
36%
No matching quizzes found
Score Distribution
Percent of People with Each Score
Percentile by Number Answered
Your Score History
You have not taken this quiz